MDQL
is popping MORE tags! Check the
thread
!
Quizzes
Events
Quiz Creation
Community
Videos
Private Events
Remove Ads
Sign In
Join for FREE
Feedback
Dark Mode
Quiz Categories
Sports
Geography
Music
Movies
Television
Just For Fun
Miscellaneous
History
Literature
Language
Science
Gaming
Entertainment
Religion
Holiday
For Kids
Quiz Lab
Recent
Popular Today
Quiz Kudos Today
Editor Picks
Curator Picks
Quizzes by...
Day
Popularity
Type
Ratings
Length
Year
Community
Subscriptions
Recent Discussions
Orange Saloon
Badges
Playlists
Quests
Create
Leaderboards
Showdown
Live 5
Trivia Bingo
Activity
Puzzle Library
Sporcle Events
Private Events
Virtual Trivia
Globe League
Become a Host
Pub Owners
SporcleCon
Opinionation
Our Games
Videos
Blog
Mobile Apps
Partnerships
Remove Ads and Go Orange
Feedback
Science
Computer
Plants
Astronomy
Chemistry
Elements
Math
Animal
Physics
Anatomy
Biology
Geology
General Science
Science
Computer
Plants
Astronomy
Chemistry
Elements
Math
Animal
Physics
Anatomy
Biology
Geology
General Science
Random Quiz
Search Sporcle
×
Quiz Lab
Quiz Lab
Science
Numbers
Type in answers that appear in a list
Type in answers that appear in a list
Classic
Best Score? Go Orange.
Find the Median Stats
Can you name the median of each of these sets of numbers?
By
Manticore
2m
10 Questions
259 Plays
259 Plays
259 Plays
Comments
Comments
Give Quiz Kudos
Give Quiz Kudos
-
- Ratings
hide this ad
Forced Order
Answers have to be entered in order
Answers have to be entered in order
Replay
Link that replays current quiz
Next Quiz
Link to next quiz in quiz playlist
You Got
0%
They Got
Avg Score
77%
Avg Friend Score
Upgrade to see
Score Distribution
Jump to the score distribution portion of the page
Score
0/10
Timer
02:00
0
Plays Today
Numbers
Median
% Correct
2, 6, 9
6
98.5%
8, 9, 17, 20, 31
17
92.3%
3, 9, 11, 28
10
89.6%
7, 13, 15, 18, 22, 23
16.5
81.5%
6, 20, 31, 34
25.5
76.8%
9, 16, 4
9
76.8%
6, 11, 50, 4, 46
11
74.5%
22, 15, 3, 25, 17, 7
16
66.8%
44, 11, 1, 21, 31, 41, 29, 52
30
57.5%
14, 6, 2, 9, 10, 3
7.5
57.5%
Quiz Playlist
Details
Report
Send in Message
Add To Playlist
Classic:
Type in answers that appear in a list
Forced Order:
Answers have to be entered in order
Last Updated: Feb 16, 2017
Quiz Scoreboard
CHALLENGE
Sign Up to Join the Scoreboard
Show All
Scores
Hide
Comments
May contain spoilers
Recently Published
Two Season TV Shows II
by 123Four
Television
10m
Image Sorting: Flags VI
by Barbecue
Geography
2m
Find the 'City' Movie
by crazypaving
Movies
60s
More to Explore
Quiz From the Vault
Featured Blog Post
14 Easter Pick-up Lines to Find Eggs With
hide this ad
You Might Also Like...
Tags
Numbers Quiz
Median
set
Today's Top Quizzes in Science
Browse Science
hide this ad
Today's Top Quizzes in Numbers
Browse Numbers
Top Contributed Quizzes in Science
1
Windmill: Elements
2
200 Vogels in Nederland
3
Square Numbers Scrambled (1-50)
4
Elements In Images
5
Glycolysis
6
Count to 60
7
perfect squares 1-25
8
17 TIMES TABLE
9
Quick Pick: 'CI-CJ' Animals
10
4-letter Elementary Words III
Explore More
Trending Topics
Marvel
NBA
Disney
Kpop
Anime
Harry Potter
Crossword
The Office
NFL
Song
Pokémon
Puzzle
Country
Soccer
WWE
hide this ad
More By:
Manticore
Quiz
Plays
Rating
Category
Featured
Created
☀ Semiprime Minefield ☀
3,463
4.96
Science
Nov 1, 2013
Metric Prefixes (clickable)
2,672
4.00
Science
Apr 11, 2012
Britain's 100 Favourite Foodstuffs
805
4.67
Just For Fun
Jul 26, 2012
Find the Mean
415
3.93
Science
Jun 1, 2010
Rounding
392
2.83
Science
Dec 14, 2010
Go to Creator's Profile
Score Distribution
Quiz Creator Spotlight
Manticore
Follow
Send a Message
Quizzes Created
-
Created Quiz Play Count
-
More By This Creator
Popular Quizzes Today
1
Find the US States - No Outlines Minefield
2
Colored Red Africa Blitz
3
Find the 'City' Movie
4
5x2 Blitz: Bands
5
The Countries of the World
6
Find the Countries of Europe - No Outlines Minefield
7
Find the US States
8
US States
More Science Quizzes
Elemental Gemstones
Published
Trending Quizzes
Colored Red Europe Blitz I
Colored Red Africa Blitz II
Colored Red Europe Blitz II
Colored Red Africa Blitz III
Colored Red Europe Blitz III
Recently Updated
How Do You Spell That?
pecheneg
Godzilla Movies
pecheneg
Grab Bag: 4-10 Letters
pecheneg
2024 March Madness Bracket
pecheneg
Famous TV Couples
Peacemaker
Champions League XIs: Real Madrid
pecheneg
Largest US Cities 1790-2010
pecheneg
Rides in Walt Disney World
pecheneg
Most Oscar Losses (Acting)
pecheneg
Beyoncé Albums
pecheneg
Trending Topics
Anime
Harry Potter
Crossword
Kpop
Disney
NBA
Marvel
Song
WWE
The Office
Soccer
Puzzle
NFL
Pokémon
Country
Your Account Isn't Verified!
In order to create a playlist on Sporcle, you need to verify the email address you used during registration. Go to your
Sporcle Settings
to finish the process.
Report this User
Report this user for behavior that violates our
Community Guidelines
.
Details:
Send Report
Go to the Sporcle.com Mobile Site →
Comments